Бюджетна система України та зарубіжних країн (Запис № 314895)

МАРК-запис
000 -Лідер
fixed length control field 00725nam a22002537a 4500
001 - Контрольний номер
control field 28526
003 - Ідентифікатор контрольного номера
control field UA-OsUOA
005 - Дата та час останнього входження (трансакції)
control field 20211210211401.0
007 - Фіксоване поле фізичного опису
fixed length control field ta
008 - Елементи даних фіксованої довжини – загальна інформація
fixed length control field 20050405b un ||||| |||| 00| 0 ukr d
020 ## - Міжнародний стандартний книжковий номер (ISBN)
Міжнародний стандартний книжковий номер (ISBN) (НП) 966-311-007-4
040 ## - Джерело каталогізації
Агенція оригінальної каталогізації UA-OsUOA
Мова каталогізації ukr
Агенція, яка здійснювала перезапис UA-OsUOA
Агенція, яка здійснювала модифікацію UA-OsUOA
041 ## - Код мови
Код мови тексту/ звукової доріжки чи окремого заголовка (П) ukr
044 ## - Код країни видавця/ виробника
Код країни видавця/ виробника (П) UA
080 ## - Індекс Універсальної десяткової класифікації
Індекс Універсальної десяткової класифікації (УДК) (НП) 336.14(477+100)(091)
090 ## - Локальний шифр розміщення
Класифікаційний індекс УДК 336.14(477+100)(091)
Авторський знак (НП) П19
100 ## - Основне введення – ім’я особи
Ім’я особи (НП) Пасічник Ю. В.
245 ## - Відомості про назву
Назва (НП) Бюджетна система України та зарубіжних країн
Решта назви (НП) навч. посіб.
260 ## - Публікація, розповсюдження і т.п. (Вихідні дані)
Місце публікації, розповсюдження і т.п. (П) К.
Ім’я/ наймення видавництва, розповсюджувача і т.п. (П) Знання-Прес
Дата публікації, розповсюдження і т.п. (П) 2003
300 ## - Фізичний опис
Обсяг 523 с.
650 #7 - Додаткове предметне введення – тематичний термін
Тематичний термін чи географічна назва, як елемент введення (НП) 1 Філософські науки
Джерело заголовка чи терміна UDC
942 ## - Додаткові елементи входу (Коха)
Тип елемента Koha Книги
Source of classification or shelving scheme Universal Decimal Classification
955 ## - Код типу видання за змістом
Код типу видання за змістом (НП) Навчальні видання
Фонди
Стан вилучень Стан втрат Джерело класифікації або схеми стелажів Стан уражень Не для кредиту Постійне місце розташування Поточне розміщення Дата придбання Інвентарний номер Усього замовленно Повний номер виклику Штрих-код Дата останнього перегляду Ціна ефективна від Тип елемента Koha Перевірено Дата останньої перевірки Код колекції Джерело придбання Вартість, звичайна ціна покупки Примітка, призначена для загального доступу
    Universal Decimal Classification     ЧЗ - Читальна зала ЧЗ - Читальна зала 05/04/2005 84533   336.14(477+100)(091) П19 84533 06/02/2022 05/04/2005 Книги            
    Universal Decimal Classification     ЧЗ - Читальна зала ЧЗ - Читальна зала 05/04/2005 84534   336.14(477+100)(091) П19 84534 07/02/2022 05/04/2005 Книги            
    Universal Decimal Classification     ЧЗ - Читальна зала ЧЗ - Читальна зала 05/04/2005 84535 1 336.14(477+100)(091) П19 84535 24/03/2023 05/04/2005 Книги 22/06/2023 24/03/2023        
    Universal Decimal Classification     ЧЗ - Читальна зала ЧЗ - Читальна зала 05/04/2005 84536   336.14(477+100)(091) П19 84536 06/02/2022 05/04/2005 Книги            
    Universal Decimal Classification     ЧЗ - Читальна зала ЧЗ - Читальна зала 05/04/2005 84537   336.14(477+100)(091) П19 84537 13/07/2019 05/04/2005 Книги            
    Universal Decimal Classification     ЧЗ - Читальна зала ЧЗ - Читальна зала 05/04/2005 84538   336.14(477+100)(091) П19 84538 07/02/2022 05/04/2005 Книги            
    Universal Decimal Classification     ЧЗ - Читальна зала ЧЗ - Читальна зала 05/04/2005 84539   336.14(477+100)(091) П19 84539 13/07/2019 05/04/2005 Книги            
    Universal Decimal Classification     ЧЗ - Читальна зала ЧЗ - Читальна зала 05/04/2005 84540   336.14(477+100)(091) П19 84540 07/02/2022 05/04/2005 Книги            
    Universal Decimal Classification     ЧЗ - Читальна зала ЧЗ - Читальна зала 05/04/2005 84541   336.14(477+100)(091) П19 84541 06/02/2022 05/04/2005 Книги            
    Universal Decimal Classification     ЧЗ - Читальна зала ЧЗ - Читальна зала 05/04/2005 84542   336.14(477+100)(091) П19 84542 07/02/2022 05/04/2005 Книги            
    Universal Decimal Classification     ЧЗ - Читальна зала ЧЗ - Читальна зала 24/10/2006 99570   336.14(477+100)(091) П19 99570 07/02/2022 05/04/2005 Книги     Колекція Пасічника І.Д. 110/2006 20.00 з автографом Ю. Пасічника